| 000 | 01807cam0 2200361 ib4500 | ||
|---|---|---|---|
| 001 | BY-MI0004-br52668 | ||
| 005 | 20260319113525.0 | ||
| 010 |
^a978-5-00132-390-7 ^d5 р. |
||
| 035 | ^a(BY-MI0004)BY-MI0004-br52668 | ||
| 100 | ^a20260303d2025 a y0rusy50 ca | ||
| 101 | 0 | ^arus | |
| 102 | ^aRU | ||
| 105 | ^aa z 000oy | ||
| 109 | ^ama | ||
| 200 | 1 |
^aСтойкий оловянный солдатик ^aПринцесса на горошине ^e[для младшего школьного возраста] ^fХанс Кристиан Андерсен ^gхудожники: Виктор и Галина Нечитайло ^gперевод с датского Анны Ганзен |
|
| 210 |
^aМосква ^cВакоша ^d2025 |
||
| 215 |
^a15, [1] с. ^cцв. ил. ^d24 см. |
||
| 225 | 1 | ^aСказка за сказкой | |
| 333 | ^a6 + | ||
| 345 | ^93500 экз. (дополнительный тираж) | ||
| 606 |
^aХУДОЖЕСТВЕННАЯ ЛИТЕРАТУРА ^3BY-NLB-ar37179 ^2DVNLB |
||
| 608 |
^aИЗДАНИЕ ДЛЯ ДЕТЕЙ И ЮНОШЕСТВА ^3BY-NLB-ar3269462 ^2BYGNR |
||
| 608 |
^aСКАЗКА ^3BY-NLB-ar30342 ^2BYGNR |
||
| 686 |
^a84(4Дан) ^2rubbk |
||
| 690 |
^a1 ^2Base ^9BY-MI0004 ^xRSEK |
||
| 700 | 1 |
^aАндерсен ^bХ. К. ^gХанс Кристиан ^cписатель ^f1805-1875 ^3BY-NLB-ar98427 |
|
| 702 | 1 |
^aГанзен ^bА. В. ^gАнна Васильевна ^cпереводчица ^f1869-1942 ^3BY-SEK-1516535 |
|
| 702 | 1 |
^aНечитайло ^bВ. В. ^gВиктор Владимирович ^cхудожник ^3BY-SEK-ar14455927 |
|
| 702 | 1 |
^aНечитайло ^bГ. ^fГалина ^4040 |
|
| 801 | 0 |
^aBY ^bBY-MI0004 ^c20260303 ^gRCR |
|
| 899 |
^aBY-MI0004 ^h84(4Дан) ^iА 65 |
||